[Event "C.to Regionale Sardegna"]
[Site "Sardara ITA"]
[Date "2010.04.24"]
[Round "6"]
[White "Puzzoni, Christian"]
[Black "Caglio, Luigi"]
[Result "1/2-1/2"]
[WhiteElo "2112"]
[BlackElo "2007"]
[PlyCount "61"]
[EventDate "2010.04.17"]

1. e4 e5 2. Nf3 Nc6 3. Bc4 Nf6 4. O-O Nxe4 5. Bd5 Nf6 6. Bxc6 dxc6 7. Nxe5 Be7
8. d4 Bf5 9. Re1 O-O 10. Be3 Nd5 11. c3 c5 12. Qf3 cxd4 13. Bxd4 Be6 14. Nd3 b6
15. Nd2 c5 16. Be5 f6 17. Bg3 Bf7 18. Rad1 Re8 19. Ne4 Qc8 20. a3 Qc6 21. Ng5
fxg5 22. Qxf7+ Kxf7 23. Ne5+ Kg8 24. Nxc6 Bf6 25. Rxe8+ Rxe8 26. Nxa7 Ne7 27.
Nb5 Nc6 28. Kf1 Na5 29. Bc7 Re6 30. Rd6 Re8 31. Rc6 1/2-1/2

[Event "C.to Regionale Sardegna"]
[Site "Sardara ITA"]
[Date "2010.04.25"]
[Round "7"]
[White "Caglio, Luigi"]
[Black "Neri, Enzo"]
[Result "1-0"]
[WhiteElo "2007"]
[BlackElo "2059"]
[PlyCount "47"]
[EventDate "2010.04.17"]

1. e4 e5 2. Nf3 Nc6 3. Bc4 Nf6 4. Ng5 Bc5 5. Nxf7 Bxf2+ 6. Kxf2 Nxe4+ 7. Kg1
Qh4 8. g3 Nxg3 9. Nxh8 Nxh1 10. Bf7+ Ke7 11. Qf1 Nd4 12. Nc3 Nxc2 13. Bg6 Qg4+
14. Kxh1 hxg6 15. Qf7+ Kd6 16. Qd5+ Ke7 17. Qf7+ Kd6 18. d4 Nxd4 19. Qd5+ Ke7
20. Qf7+ Kd6 21. Qd5+ Ke7 22. Bg5+ Qxg5 23. Qf7+ Kd6 24. Ne4+ 1-0

[Event "C.to Regionale Sardegna"]
[Site "Sardara ITA"]
[Date "2010.04.25"]
[Round "7"]
[White "Deruda, Leonardo"]
[Black "Palmieri, Roberto"]
[Result "1/2-1/2"]
[WhiteElo "1876"]
[BlackElo "1868"]
[PlyCount "124"]
[EventDate "2010.04.17"]

1. Nf3 Nf6 2. g3 g6 3. Bg2 Bg7 4. O-O O-O 5. c4 c5 6. Nc3 Nc6 7. d4 cxd4 8.
Nxd4 a6 9. c5 Qc7 10. Nb3 Rd8 11. Bf4 e5 12. Bg5 Ne7 13. Ne4 Nxe4 14. Bxe4 f6
15. Bd2 Nc6 16. Qe1 d5 17. cxd6 Rxd6 18. Na5 Bd7 19. Nxc6 Bxc6 20. Rc1 Qd7 21.
Bxc6 Rxc6 22. Rxc6 Qxc6 23. Qc1 Qd7 24. Bc3 Rd8 25. Qc2 Kh8 26. Rc1 Bh6 27. e3
Qd3 28. Qxd3 Rxd3 29. Kf1 Kg7 30. Ke2 Rd7 31. Ba5 Kf7 32. Rc8 f5 33. Rc4 Ke6
34. h3 Bg7 35. b3 Bf6 36. f3 g5 37. g4 f4 38. Rc7 Rxc7 39. Bxc7 Kd5 40. Kd3 Kc6
41. Ba5 b6 42. Bd2 Kd5 43. Bc1 b5 44. Ba3 a5 45. Bc1 h6 46. Bd2 b4 47. Be1 Be7
48. Bf2 Bc5 49. Bg1 fxe3 50. Bxe3 Bd4 51. Bc1 Bc3 52. a3 Be1 53. axb4 Bxb4 54.
Bb2 Bc5 55. Bc3 Bb4 56. Bb2 Bc5 57. Bc1 Bb4 58. Be3 Bc5 59. Bc1 Bf8 60. Bd2 Bb4
61. Be3 Bc5 62. Bd2 Bb4 1/2-1/2

[Event "C.to Regionale Sardegna"]
[Site "Sardara ITA"]
[Date "2010.04.25"]
[Round "7"]
[White "Erriu, Giampiero"]
[Black "Murtas, Gianvito"]
[Result "1/2-1/2"]
[WhiteElo "1777"]
[BlackElo "1781"]
[PlyCount "113"]
[EventDate "2010.04.17"]

1. d4 Nf6 2. c4 e6 3. Nc3 b6 4. e4 Bb7 5. Bd3 Bb4 6. Qc2 Nc6 7. Nf3 e5 8. O-O
Nxd4 9. Nxd4 exd4 10. Nd5 Nxd5 11. exd5 Qf6 12. Bd2 Bxd2 13. Qxd2 O-O 14. Rae1
c5 15. Re4 Rfe8 16. Rfe1 Kf8 17. Qe2 Rxe4 18. Qxe4 g6 19. f4 Qd6 20. g4 b5 21.
b3 bxc4 22. Bxc4 Ba6 23. Bxa6 Qxa6 24. g5 Qd6 25. h4 a5 26. Kg2 a4 27. b4 d3
28. bxc5 Qxc5 29. Qxd3 Rb8 30. Re2 a3 31. Qe4 Qd6 32. Qd4 Kg8 33. Kg3 Rf8 34.
Kg4 f5+ 35. gxf6 Qxf6 36. Qxf6 Rxf6 37. Re3 Rd6 38. Rd3 Kf7 39. Kf3 Kf6 40. Ke4
Ra6 41. Rb3 Ra4+ 42. Kf3 Kf5 43. Kg3 Rxf4 44. Rxa3 Rg4+ 45. Kh3 Rd4 46. Rf3+
Ke5 47. Rf7 Rxd5 48. Rxh7 Kf6 49. Rh8 Ra5 50. Rf8+ Ke7 51. Rf2 d5 52. Kg4 d4
53. Kf4 Rf5+ 54. Kg3 Ra5 55. Kf4 d3 56. Rd2 Ra4+ 57. Kg5 1/2-1/2

[Event "C.to Regionale Sardegna"]
[Site "Sardara ITA"]
[Date "2010.04.25"]
[Round "7"]
[White "Ibba, Isacco"]
[Black "Mallo', Danilo"]
[Result "1-0"]
[WhiteElo "2204"]
[BlackElo "1797"]
[PlyCount "99"]
[EventDate "2010.04.17"]

1. e4 c5 2. Nf3 e6 3. d4 cxd4 4. Bd3 Nc6 5. O-O Nf6 6. Re1 d6 7. c3 dxc3 8.
Nxc3 Be7 9. Bg5 O-O 10. Qe2 Nd7 11. Bxe7 Qxe7 12. Rad1 a6 13. Bb1 Rd8 14. a3 b5
15. e5 d5 16. Qc2 Nf8 17. Nxd5 exd5 18. Qxc6 Be6 19. Qc2 Rac8 20. Qd3 Bg4 21.
Rd2 Bxf3 22. Qxf3 d4 23. Qe4 Qc5 24. Bd3 g6 25. f4 Qd5 26. Qe2 Ne6 27. Qg4 Nc5
28. f5 Nxd3 29. Rxd3 Rc2 30. e6 h5 31. exf7+ Qxf7 32. Qh4 Re8 33. Rf1 Ree2 34.
Rg3 d3 35. Rxg6+ Kf8 36. Qd8+ Qe8 37. Qf6+ Qf7 38. Qh8+ Ke7 39. Rg7 Rxg2+ 40.
Rxg2 Qd5 41. Rg7+ Kd6 42. Qd8+ Kc5 43. Rc7+ Kd4 44. Rd7 Qxd7 45. Qxd7+ Ke3 46.
Rf3+ Kxf3 47. Qxd3+ Kf4 48. Qxc2 Ke5 49. Kf2 Kf6 50. Qe4 1-0

[Event "C.to Regionale Sardegna"]
[Site "Sardara ITA"]
[Date "2010.04.25"]
[Round "7"]
[White "Locci, Damiano"]
[Black "Puzzoni, Christian"]
[Result "0-1"]
[WhiteElo "2130"]
[BlackElo "2112"]
[PlyCount "76"]
[EventDate "2010.04.17"]

1. Nf3 b5 2. d4 Nf6 3. g3 Bb7 4. Bg2 d6 5. O-O Nbd7 6. b3 g6 7. Bb2 Bg7 8. Nbd2
O-O 9. Re1 Re8 10. e4 e5 11. d5 a5 12. c4 b4 13. Re2 Nc5 14. Ne1 Bc8 15. Qc2 h5
16. Nd3 Nxd3 17. Qxd3 Nd7 18. Rf1 Nc5 19. Qc2 a4 20. f4 axb3 21. axb3 Bg4 22.
Ree1 Ra2 23. f5 h4 24. h3 Bxf5 25. exf5 e4 26. Rb1 Bd4+ 27. Kh1 Qg5 28. fxg6 f5
29. g4 fxg4 30. Nxe4 Nxe4 31. Bxe4 Qe3 32. Bf3 Rxb2 33. Rxb2 Qxf3+ 34. Rxf3
Re1+ 35. Kh2 gxf3 36. Qf5 Be5+ 37. Qxe5 dxe5 38. Rd2 Re2+ 0-1

[Event "C.to Regionale Sardegna"]
[Site "Sardara ITA"]
[Date "2010.04.25"]
[Round "7"]
[White "Massa, Gianluca"]
[Black "Pannella, Antonello"]
[Result "1-0"]
[WhiteElo "1709"]
[BlackElo "1507"]
[PlyCount "55"]
[EventDate "2010.04.17"]

1. d4 b6 2. c4 Bb7 3. Nc3 Nf6 4. f3 e6 5. e4 Bb4 6. Nge2 d5 7. cxd5 exd5 8. e5
Nfd7 9. a3 Bxc3+ 10. bxc3 O-O 11. Ng3 Qh4 12. Bd3 Re8 13. O-O c5 14. Nf5 Qd8
15. Nd6 Bc6 16. Nxe8 Qxe8 17. f4 c4 18. Bc2 Nf8 19. f5 Bd7 20. Qf3 Bc6 21. Qh5
Nbd7 22. f6 g6 23. Qh6 Ne6 24. Rf3 Qf8 25. Qh4 Qe8 26. Bxg6 Nef8 27. Bxh7+ Nxh7
28. Qg4+ 1-0

[Event "C.to Regionale Sardegna"]
[Site "Sardara ITA"]
[Date "2010.04.25"]
[Round "7"]
[White "Murgia, Elio"]
[Black "Marano, Daniele"]
[Result "1-0"]
[WhiteElo "1503"]
[BlackElo "1696"]
[PlyCount "37"]
[EventDate "2010.04.17"]

1. d4 d5 2. c4 dxc4 3. e3 e5 4. Bxc4 exd4 5. exd4 Nf6 6. Ne2 Bd6 7. O-O O-O 8.
h3 h6 9. Nbc3 Bf5 10. Re1 Nc6 11. a3 Qd7 12. Nf4 Rad8 13. Nh5 Nxh5 14. Qxh5 Bg6
15. Qxg6 Nxd4 16. Bxh6 Nf5 17. Ne4 Nxh6 18. Nf6+ Kh8 19. Qh7# 1-0

[Event "C.to Regionale Sardegna"]
[Site "Sardara ITA"]
[Date "2010.04.25"]
[Round "7"]
[White "Murtas, Paolo"]
[Black "Dessy, Eugenio"]
[Result "1/2-1/2"]
[WhiteElo "1443"]
[BlackElo "1661"]
[PlyCount "117"]
[EventDate "2010.04.17"]

1. d4 f5 2. h3 Nf6 3. c4 g6 4. Nf3 Bg7 5. Nc3 d6 6. e3 O-O 7. Bd3 Qe8 8. O-O e5
9. dxe5 dxe5 10. e4 f4 11. Re1 c6 12. Qc2 Na6 13. a3 Nc5 14. Be2 h6 15. b4 Na6
16. Bb2 g5 17. Rad1 g4 18. hxg4 Nxg4 19. c5 Nc7 20. Bc4+ Be6 21. Bxe6+ Nxe6 22.
Qb3 Kh7 23. Rd6 Rf6 24. Red1 Bf8 25. Rd7+ Rf7 26. Rxf7+ Qxf7 27. Ne2 Nd8 28.
Qxf7+ Nxf7 29. Rd7 Kg8 30. g3 fxg3 31. Nxg3 a5 32. Bc3 axb4 33. axb4 Ra3 34.
Rd3 Bg7 35. Nf5 Bf6 36. Ne3 Nxe3 37. Rxe3 Kf8 38. Bd2 Rxe3 39. Bxe3 Ke7 40. Kf1
Ke6 41. Ke2 Nh8 42. Bxh6 Ng6 43. Ng5+ Ke7 44. Nh7 Bh4 45. Bg5+ Bxg5 46. Nxg5
Kf6 47. Nh3 Nf8 48. Kd3 Ne6 49. Ke3 Kg6 50. f4 Kf6 51. fxe5+ Kxe5 52. Kd3 Nc7
53. Nf2 Na6 54. Kc4 Kf4 55. b5 cxb5+ 56. Kxb5 Kf3 57. e5 Kxf2 58. e6 Nc7+ 59.
Kb6 1/2-1/2

[Event "C.to Regionale Sardegna"]
[Site "Sardara ITA"]
[Date "2010.04.25"]
[Round "7"]
[White "Palmas, Alessandro"]
[Black "Maldarelli, Lorenzo"]
[Result "0-1"]
[WhiteElo "1855"]
[BlackElo "1800"]
[PlyCount "124"]
[EventDate "2010.04.17"]

1. Nf3 c5 2. e4 d6 3. d4 cxd4 4. Nxd4 Nf6 5. Nc3 a6 6. Be3 e6 7. Bc4 b5 8. Bd3
Bb7 9. a3 Nbd7 10. f3 Rc8 11. Qd2 Be7 12. Rd1 O-O 13. O-O Ne5 14. f4 Nxd3 15.
Qxd3 Qc7 16. h3 Qc4 17. Rf2 d5 18. exd5 Nxd5 19. Nxd5 Bxd5 20. f5 Qxd3 21. Rxd3
Be4 22. Rdd2 e5 23. Nf3 f6 24. g4 Bc5 25. Bxc5 Rxc5 26. c3 Rd5 27. Rxd5 Bxd5
28. Kf1 Bc4+ 29. Ke1 Rd8 30. Rd2 Rxd2 31. Nxd2 Bd5 32. Kf2 Kf7 33. h4 g6 34. b3
gxf5 35. gxf5 Ke7 36. c4 bxc4 37. bxc4 Ba8 38. Ke3 Kd6 39. Nf1 Kc5 40. Kd3 Bg2
41. Ne3 Bf3 42. Kc3 h5 43. Kd3 a5 44. Kc3 Be4 45. a4 Bc6 46. Kd3 Kb4 47. Kd2
Be4 48. Kc1 Kxa4 49. Kb2 Kb4 50. Ka2 Kc5 51. Kb3 Kd4 52. Nf1 Bxf5 53. Ng3 Bg4
54. c5 Kxc5 55. Ne4+ Kd4 56. Nxf6 Bf3 57. Kc2 a4 58. Ne8 e4 59. Nd6 e3 60. Nb5+
Kc4 61. Na3+ Kb4 62. Nb1 Be4+ 0-1

[Event "C.to Regionale Sardegna"]
[Site "Sardara ITA"]
[Date "2010.04.25"]
[Round "7"]
[White "Paulesu, Sebastiano"]
[Black "Loriga, Pierpaolo"]
[Result "1/2-1/2"]
[WhiteElo "1934"]
[BlackElo "1964"]
[PlyCount "63"]
[EventDate "2010.04.17"]

1. e4 e5 2. Nf3 d6 3. Bc4 c6 4. O-O Be7 5. d4 Nd7 6. dxe5 Nxe5 7. Nxe5 dxe5 8.
Qxd8+ Bxd8 9. Be3 Nf6 10. Nc3 O-O 11. Rad1 Be7 12. f3 h6 13. Ne2 b5 14. Bb3 c5
15. c3 Bb7 16. Bf2 Rfd8 17. Ng3 g6 18. Ne2 Kg7 19. Bg3 c4 20. Bc2 Nd7 21. Rd2
f6 22. Bf2 Nc5 23. Rfd1 Rxd2 24. Rxd2 Bc6 25. Kf1 Kf7 26. Nc1 Ke8 27. Ke2 a6
28. b4 cxb3 29. Nxb3 Nxb3 30. Bxb3 Rd8 31. Bb6 Rxd2+ 32. Kxd2 1/2-1/2

[Event "C.to Regionale Sardegna"]
[Site "Sardara ITA"]
[Date "2010.04.25"]
[Round "7"]
[White "Setzu, Francesco"]
[Black "Peru, Mario"]
[Result "0-1"]
[WhiteElo "1760"]
[BlackElo "1659"]
[PlyCount "42"]
[EventDate "2010.04.17"]

1. d4 Nf6 2. Nf3 g6 3. Nbd2 Bg7 4. e4 O-O 5. Bd3 d5 6. e5 Nfd7 7. O-O c5 8. c3
Nc6 9. Re1 e6 10. Nf1 cxd4 11. cxd4 Qb6 12. Bc2 f5 13. g3 Qd8 14. Ng5 Nb6 15.
b3 Bd7 16. Ba3 Qxg5 17. Bxf8 Bxf8 18. f4 Qd8 19. a3 Rc8 20. Qd3 Nxd4 21. Qxd4
Bc5 0-1

[Event "C.to Regionale Sardegna"]
[Site "Sardara ITA"]
[Date "2010.04.25"]
[Round "7"]
[White "Toniolo, Massimo"]
[Black "Cherchi, Marco"]
[Result "1-0"]
[WhiteElo "1757"]
[BlackElo "1807"]
[PlyCount "73"]
[EventDate "2010.04.17"]

1. e4 c5 2. Nf3 Nc6 3. d4 cxd4 4. Nxd4 Nf6 5. Nc3 e5 6. Ndb5 d6 7. Bg5 a6 8.
Na3 b5 9. Nd5 Be7 10. Nxe7 Qxe7 11. Qd2 Nxe4 12. Bxe7 Nxd2 13. Bxd6 Ne4 14. Rd1
Nxd6 15. Rxd6 Nd4 16. Bd3 Rb8 17. c3 Ke7 18. Rd5 Ke6 19. Rc5 Kd6 20. cxd4 exd4
21. Rc2 Be6 22. b3 Rbc8 23. O-O Rxc2 24. Nxc2 Rc8 25. Nxd4 Bd7 26. Bf5 g6 27.
Bxd7 Kxd7 28. Rd1 Ke7 29. g4 Kf6 30. f4 g5 31. fxg5+ Kxg5 32. h3 Rc3 33. Kg2 h5
34. Nf3+ Kf4 35. Rd4+ Ke3 36. gxh5 Rc5 37. h6 1-0

[Event "C.to Regionale Sardegna"]
[Site "Sardara ITA"]
[Date "2010.04.25"]
[Round "7"]
[White "Zuccarelli, Angelo"]
[Black "Altea, Giovanni"]
[Result "1/2-1/2"]
[WhiteElo "1910"]
[BlackElo "1839"]
[PlyCount "60"]
[EventDate "2010.04.17"]

1. e4 c5 2. Nf3 e6 3. d4 cxd4 4. Nxd4 a6 5. Nc3 Qc7 6. Be2 Nf6 7. a3 Be7 8. O-O
O-O 9. Be3 b5 10. Bf3 Bb7 11. e5 Ne8 12. Bxb7 Qxb7 13. Nb3 Qc8 14. Ne4 Qc7 15.
f4 f6 16. exf6 Nxf6 17. Nxf6+ Rxf6 18. Qd2 d6 19. f5 Nc6 20. fxe6 Raf8 21. Rxf6
Rxf6 22. Qc3 Qb7 23. Nd4 Nxd4 24. Bxd4 Rg6 25. Qd2 Rxe6 26. Re1 Qd5 27. Rxe6
Qxe6 28. Qe3 Qxe3+ 29. Bxe3 Kf7 30. Kf1 Kg8 1/2-1/2

[Event "C.to Regionale Sardegna"]
[Site "Sardara ITA"]
[Date "2010.04.25"]
[Round "8"]
[White "Altea, Giovanni"]
[Black "Deruda, Leonardo"]
[Result "1/2-1/2"]
[WhiteElo "1839"]
[BlackElo "1876"]
[PlyCount "53"]
[EventDate "2010.04.17"]

1. c4 g6 2. g3 Bg7 3. Bg2 d6 4. Nf3 e5 5. Nc3 f5 6. d3 Nf6 7. Bd2 O-O 8. O-O h6
9. Rc1 Nc6 10. a3 a5 11. Nd5 Nd7 12. b4 axb4 13. axb4 Ne7 14. Qc2 c6 15. Nc3
Qe8 16. b5 c5 17. Ra1 Rxa1 18. Rxa1 g5 19. Ra7 Qh5 20. h3 Nf6 21. Qd1 e4 22.
Nh2 Qg6 23. dxe4 fxe4 24. Be1 Rd8 25. Ra8 d5 26. cxd5 Nexd5 27. Nxd5 1/2-1/2

[Event "C.to Regionale Sardegna"]
[Site "Sardara ITA"]
[Date "2010.04.25"]
[Round "8"]
[White "Dessy, Eugenio"]
[Black "Massa, Gianluca"]
[Result "1-0"]
[WhiteElo "1661"]
[BlackElo "1709"]
[PlyCount "49"]
[EventDate "2010.04.17"]

1. e4 e6 2. d3 d5 3. Nd2 c5 4. g3 b6 5. Bg2 Bb7 6. Ngf3 dxe4 7. dxe4 Nc6 8. O-O
Nge7 9. a3 Ng6 10. Re1 e5 11. c3 Be7 12. h4 h5 13. Nf1 Nf8 14. Qe2 Ne6 15. Rd1
Qc7 16. Ne3 Na5 17. Nd5 Qc8 18. Nxe5 Nc6 19. Nxc6 Bxc6 20. Bh3 Bxd5 21. exd5
Nd4 22. cxd4 Qxh3 23. d6 O-O 24. dxe7 Rfe8 25. d5 1-0

[Event "C.to Regionale Sardegna"]
[Site "Sardara ITA"]
[Date "2010.04.25"]
[Round "8"]
[White "Erriu, Giampiero"]
[Black "Murgia, Elio"]
[Result "1/2-1/2"]
[WhiteElo "1777"]
[BlackElo "1503"]
[PlyCount "69"]
[EventDate "2010.04.17"]

1. d4 e6 2. c4 b6 3. e4 Bb7 4. Bd3 Nc6 5. Nf3 d6 6. O-O Nb4 7. Nc3 Nxd3 8. Qxd3
Nf6 9. Bg5 Be7 10. Bxf6 Bxf6 11. Rad1 O-O 12. Ne2 Qd7 13. Ng3 Rad8 14. Nh5 Be7
15. e5 d5 16. b3 f5 17. exf6 Bxf6 18. Nxf6+ Rxf6 19. Ne5 Qe8 20. cxd5 Rxd5 21.
Qg3 Qh5 22. f3 c5 23. Ng4 Rf7 24. Qb8+ Rf8 25. Qxb7 cxd4 26. Qxa7 Rb5 27. Qd7
Re8 28. Rxd4 Ra5 29. h3 Rxa2 30. Kh2 Re2 31. Re4 Rxe4 32. fxe4 Qg6 33. Ne5 Qh5
34. Qd6 h6 35. Nd7 1/2-1/2

[Event "C.to Regionale Sardegna"]
[Site "Sardara ITA"]
[Date "2010.04.25"]
[Round "8"]
[White "Loriga, Pierpaolo"]
[Black "Mallo', Danilo"]
[Result "1/2-1/2"]
[WhiteElo "1964"]
[BlackElo "1797"]
[PlyCount "78"]
[EventDate "2010.04.17"]

1. c4 Nf6 2. Nc3 g6 3. g3 Bg7 4. Bg2 O-O 5. Nf3 c6 6. O-O d6 7. d3 Nbd7 8. Bd2
Nb6 9. b4 d5 10. c5 Nbd7 11. d4 Re8 12. Rc1 Nb8 13. Ne5 Ng4 14. Nxg4 Bxg4 15.
h3 Bf5 16. g4 Bc8 17. Bf4 e5 18. dxe5 Bxe5 19. Bxe5 Rxe5 20. Qd4 Re8 21. e4
dxe4 22. Qxd8 Rxd8 23. Nxe4 Na6 24. a3 Nc7 25. Nd6 Ne8 26. Nxc8 Raxc8 27. b5
Rd3 28. a4 Ra3 29. bxc6 bxc6 30. Rc4 Rd3 31. Re1 Kf8 32. Rb1 Rd7 33. a5 Nf6 34.
a6 Nd5 35. Rb7 Rcc7 36. Rb8+ Kg7 37. Bf3 h6 38. Rc1 Nf4 39. h4 Ne6 1/2-1/2

[Event "C.to Regionale Sardegna"]
[Site "Sardara ITA"]
[Date "2010.04.25"]
[Round "8"]
[White "Maldarelli, Lorenzo"]
[Black "Caglio, Luigi"]
[Result "0-1"]
[WhiteElo "1800"]
[BlackElo "2007"]
[PlyCount "70"]
[EventDate "2010.04.17"]

1. d4 Nf6 2. Nf3 g6 3. Nc3 d5 4. Bg5 Bg7 5. Bxf6 Bxf6 6. e4 c6 7. e5 Bg7 8. Bd3
Bg4 9. h3 Bxf3 10. Qxf3 Qb6 11. Ne2 O-O 12. O-O e6 13. c3 c5 14. a4 c4 15. Bb1
Qxb2 16. Ra2 Qb3 17. Qf4 Nc6 18. Qd2 Na5 19. Rb2 Qxa4 20. Bc2 Qc6 21. Ra1 b6
22. Ba4 Qc7 23. Rab1 Rfb8 24. g4 a6 25. f4 b5 26. Bc2 Nc6 27. f5 Bf8 28. fxe6
fxe6 29. Rf1 b4 30. Rf6 Nxe5 31. dxe5 Qxe5 32. Rxf8+ Rxf8 33. Rxb4 Rf3 34. Rb7
Raf8 35. Qh6 Rf1+ 0-1

[Event "C.to Regionale Sardegna"]
[Site "Sardara ITA"]
[Date "2010.04.25"]
[Round "8"]
[White "Murtas, Paolo"]
[Black "Setzu, Francesco"]
[Result "1/2-1/2"]
[WhiteElo "1443"]
[BlackElo "1760"]
[PlyCount "39"]
[EventDate "2010.04.17"]

1. d4 d6 2. Nf3 Nf6 3. e3 c6 4. Bd3 Bg4 5. Nbd2 g6 6. O-O Bg7 7. c3 O-O 8. Re1
Qc7 9. h3 Be6 10. e4 Ne8 11. Qc2 Bd7 12. Nf1 e5 13. dxe5 dxe5 14. Be3 c5 15.
Qd2 c4 16. Bc2 Bc6 17. Bh6 Nd7 18. Bxg7 Kxg7 19. Ne3 Nef6 20. Nxc4 1/2-1/2

[Event "C.to Regionale Sardegna"]
[Site "Sardara ITA"]
[Date "2010.04.25"]
[Round "8"]
[White "Neri, Enzo"]
[Black "Paulesu, Sebastiano"]
[Result "1-0"]
[WhiteElo "2059"]
[BlackElo "1934"]
[PlyCount "73"]
[EventDate "2010.04.17"]

1. d4 Nf6 2. c4 g6 3. Nc3 Bg7 4. e4 d6 5. Be2 O-O 6. Bg5 c6 7. Qd2 Nbd7 8. h4
e5 9. dxe5 Nxe5 10. h5 Qc7 11. O-O-O d5 12. Bxf6 Bxf6 13. exd5 Bf5 14. d6 Qa5
15. hxg6 Bxg6 16. f4 Nd7 17. Rh3 Nc5 18. f5 Bxf5 19. Rg3+ Kh8 20. Qh6 Nb3+ 21.
axb3 Qa1+ 22. Kd2 Qxb2+ 23. Ke1 Bxc3+ 24. Kf1 Bg7 25. Qg5 Bg6 26. d7 Qf6+ 27.
Qxf6 Bxf6 28. Bd3 Rad8 29. Be2 Be7 30. Nh3 f5 31. Nf4 Rf6 32. Bh5 Bxh5 33. Nxh5
Rh6 34. Re3 Rxh5 35. Rxe7 Rg5 36. Rde1 Rgg8 37. Rf7 1-0

[Event "C.to Regionale Sardegna"]
[Site "Sardara ITA"]
[Date "2010.04.25"]
[Round "8"]
[White "Palmieri, Roberto"]
[Black "Murtas, Gianvito"]
[Result "1-0"]
[WhiteElo "1868"]
[BlackElo "1781"]
[PlyCount "127"]
[EventDate "2010.04.17"]

1. d4 Nf6 2. Nf3 e6 3. c4 b6 4. Nc3 Bb7 5. e3 d5 6. Bd3 dxc4 7. Bxc4 Be7 8. O-O
O-O 9. Qe2 Nbd7 10. Rd1 Ne4 11. Nd2 Ndf6 12. f3 Nxc3 13. bxc3 Nd5 14. Bb2 Bd6
15. Qf2 Qg5 16. f4 Qh6 17. Nf3 Nf6 18. Bc1 Ne4 19. Qc2 g5 20. Bd3 f5 21. Ne5
Bxe5 22. dxe5 Rad8 23. a4 gxf4 24. exf4 Rf7 25. Re1 Rg7 26. Bf1 Nc5 27. Qf2 Kh8
28. Re3 Rgd7 29. Be2 Nb3 30. Rb1 Nxc1 31. Rxc1 Rd2 32. Qf1 Ra2 33. Rd1 Rg8 34.
g3 Qf8 35. Red3 Qc5+ 36. Qf2 Qxf2+ 37. Kxf2 Ba6 38. R3d2 Bxe2 39. Kxe2 Rxa4 40.
Rd7 Ra2+ 41. R1d2 Rxd2+ 42. Kxd2 a5 43. Rxc7 Rd8+ 44. Kc2 Rb8 45. Re7 b5 46.
Rxe6 b4 47. cxb4 Rxb4 48. Ra6 a4 49. Ra5 Rc4+ 50. Kb2 Re4 51. Kc3 Re2 52. Rxa4
Rxh2 53. Kd4 Rd2+ 54. Ke3 Rg2 55. Kf3 Rd2 56. Ra7 Kg8 57. g4 h5 58. gxf5 h4 59.
Kg4 Rh2 60. e6 h3 61. f6 Rh1 62. Ra8+ Kh7 63. e7 h2 64. Kh3 1-0

[Event "C.to Regionale Sardegna"]
[Site "Sardara ITA"]
[Date "2010.04.25"]
[Round "8"]
[White "Pannella, Antonello"]
[Black "Marano, Daniele"]
[Result "0-1"]
[WhiteElo "1507"]
[BlackElo "1696"]
[PlyCount "69"]
[EventDate "2010.04.17"]

1. c4 e5 2. Nc3 Bb4 3. a3 Bxc3 4. bxc3 d6 5. d4 f6 6. e4 Ne7 7. Nf3 Nbc6 8. d5
Nb8 9. Be3 Nd7 10. Rb1 b6 11. Be2 a5 12. O-O O-O 13. Nh4 Nc5 14. Bxc5 bxc5 15.
f4 Ba6 16. f5 Rb8 17. Qa4 c6 18. Qc2 Qc7 19. Nf3 cxd5 20. cxd5 Bxe2 21. Qxe2
Rb6 22. c4 Rfb8 23. Rb5 Rxb5 24. cxb5 c4 25. a4 Qc5+ 26. Kh1 Nc8 27. Rc1 Nb6
28. Nd2 Rc8 29. Qd1 c3 30. Rc2 Nxa4 31. Nb1 Qxb5 32. Qe1 Qd3 33. Nxc3 Rxc3 34.
Rxc3 Nxc3 35. h3 0-1

[Event "C.to Regionale Sardegna"]
[Site "Sardara ITA"]
[Date "2010.04.25"]
[Round "8"]
[White "Peru, Mario"]
[Black "Palmas, Alessandro"]
[Result "0-1"]
[WhiteElo "1659"]
[BlackElo "1855"]
[PlyCount "112"]
[EventDate "2010.04.17"]

1. e4 e5 2. Nc3 Nf6 3. f4 d6 4. Nf3 Nc6 5. Bc4 Be7 6. O-O O-O 7. d4 Bg4 8. dxe5
Bxf3 9. Qxf3 dxe5 10. Bd3 Bc5+ 11. Kh1 Nd4 12. Qg3 exf4 13. Bxf4 Nh5 14. Qg4
Nxf4 15. Qxf4 Ne6 16. Qf3 c6 17. Rae1 Qh4 18. e5 Nd4 19. Qe4 Qxe4 20. Nxe4 Be7
21. Nd6 Bxd6 22. exd6 Rfe8 23. Bc4 Rxe1 24. Rxe1 Nf5 25. d7 Kf8 26. Rd1 Rd8 27.
Bb3 Nh6 28. h3 Ke7 29. g4 f6 30. Kg2 Nf7 31. Kg3 Ne5 32. h4 Rxd7 33. Rxd7+ Kxd7
34. h5 a6 35. Kf4 h6 36. Bg8 c5 37. b3 b5 38. Bd5 a5 39. Kf5 Kd6 40. Bg8 c4 41.
Kf4 cxb3 42. Bxb3 g6 43. hxg6 Nxg6+ 44. Kf5 Ne5 45. Kxf6 Nxg4+ 46. Kg6 Ne3 47.
a4 b4 48. Kxh6 Kc5 49. Kg5 Kd4 50. Kf4 Nc4 51. Kg3 Kc3 52. Kf2 Nd2 53. Bf7 Kxc2
54. Ke2 b3 55. Bg6+ Kc3 56. Kd1 b2 0-1

[Event "C.to Regionale Sardegna"]
[Site "Sardara ITA"]
[Date "2010.04.25"]
[Round "8"]
[White "Puzzoni, Christian"]
[Black "Ibba, Isacco"]
[Result "0-1"]
[WhiteElo "2112"]
[BlackElo "2204"]
[PlyCount "71"]
[EventDate "2010.04.17"]

1. e4 Nf6 2. Nc3 d5 3. e5 Nfd7 4. Nf3 c5 5. Bb5 e6 6. O-O Be7 7. d4 O-O 8. Re1
a6 9. Bd3 c4 10. Bf1 Nc6 11. Ne2 b5 12. g3 Qb6 13. Nf4 g5 14. Ne2 g4 15. Nh4
Kh8 16. c3 Bxh4 17. gxh4 f6 18. Nf4 Ndxe5 19. dxe5 fxe5 20. Ng2 g3 21. hxg3
Qxf2+ 22. Kh1 d4 23. Qh5 Bb7 24. Bg5 Rf5 25. Qh6 Raf8 26. Kh2 Rf3 27. Bf4 Rf5
28. Re2 exf4 29. Rxf2 fxg3+ 30. Kg1 gxf2+ 31. Kh2 Ne5 32. Ne3 Rxe3 33. Qxe3
Ng4+ 34. Kg3 Nxe3 35. cxd4 Rf3+ 36. Kh2 0-1

[Event "C.to Regionale Sardegna"]
[Site "Sardara ITA"]
[Date "2010.04.25"]
[Round "8"]
[White "Toniolo, Massimo"]
[Black "Locci, Damiano"]
[Result "0-1"]
[WhiteElo "1757"]
[BlackElo "2130"]
[PlyCount "58"]
[EventDate "2010.04.17"]

1. e4 e6 2. d4 d5 3. exd5 exd5 4. Bd3 c5 5. dxc5 Bxc5 6. Nf3 Nf6 7. O-O O-O 8.
Bg5 Bg4 9. Nc3 Nc6 10. Nxd5 Qxd5 11. Bxf6 Bxf3 12. gxf3 Qh5 13. Bc3 Rad8 14. f4
Qh4 15. Qf3 Bd6 16. Qg3 Qh6 17. Be5 f5 18. Kh1 Bxe5 19. fxe5 f4 20. Qg2 Nxe5
21. Qxb7 Nxd3 22. Qb3+ Kh8 23. cxd3 Qh3 24. Rg1 Qf3+ 25. Rg2 Rxd3 26. Qb4 Rd1+
27. Rxd1 Qxd1+ 28. Rg1 Qf3+ 29. Rg2 Rd8 0-1

[Event "C.to Regionale Sardegna"]
[Site "Sardara ITA"]
[Date "2010.04.25"]
[Round "8"]
[White "Zuccarelli, Angelo"]
[Black "Cherchi, Marco"]
[Result "1/2-1/2"]
[WhiteElo "1910"]
[BlackElo "1807"]
[PlyCount "66"]
[EventDate "2010.04.17"]

1. e4 c5 2. Nf3 Nc6 3. d4 cxd4 4. Nxd4 Nf6 5. Nc3 e5 6. Ndb5 d6 7. Bg5 a6 8.
Na3 b5 9. Nd5 Be7 10. Bxf6 Bxf6 11. c3 Bg5 12. Nc2 Ne7 13. a4 bxa4 14. Rxa4
Nxd5 15. exd5 O-O 16. Be2 f5 17. O-O Rf6 18. Qa1 Rh6 19. Bxa6 Bf4 20. g3 Qg5
21. Bxc8 Rxc8 22. Qd1 Qg6 23. Kh1 Bg5 24. Rg1 Qf6 25. Ne3 Rg6 26. Ng2 f4 27.
gxf4 exf4 28. Qf3 Rh6 29. Ne1 Qf5 30. Qg4 Qxd5+ 31. f3 Re8 32. Qxg5 Qxg5 33.
Rxg5 Rxe1+ 1/2-1/2

[Event "Open La Lupa"]
[Site "Roma ITA"]
[Date "2010.05.09"]
[Round "1"]
[White "Andreozzi, Paolo"]
[Black "Macri', Giuseppe"]
[Result "1-0"]
[WhiteElo "1752"]
[BlackElo "1260"]
[PlyCount "36"]
[EventDate "2010.05.06"]

1. d4 Nf6 2. Nf3 e6 3. Bf4 Bb4+ 4. c3 Be7 5. Nbd2 Nh5 6. Bg3 Nxg3 7. hxg3 d6 8.
Qc2 g6 9. e4 Bf6 10. Bd3 e5 11. dxe5 dxe5 12. O-O-O Bg4 13. Qa4+ Bd7 14. Qb3
Bc6 15. Nc4 Bg5+ 16. Kb1 Na6 17. Ncxe5 O-O 18. Nxc6 Qf6 1-0